000 00517nam a2200133Ia 4500
008 220615s9999||||xx |||||||||||||| ||und||
022 _a0945-6082 / 2196-3096
100 _aFeng Zhang||Rudolf Jaenisch||Fred Gage
245 0 _aGenome Editing in Neurosciences
546 _aEnglish[eng]
650 _aCRISPR||muscular dystrophy||Parkinson's disease||DNA||Rett syndrome||double-strand breaks||Huntington's disease||genetic engineering
856 _uhttps://link.springer.com/book/10.1007/978-3-319-60192-2
942 _cEB
999 _c9704
_d9704